Geography of Kansas - Statistics

General Stats
  • This quiz has been taken 39 times
  • The average score is 15 of 20
Answer Stats
Question Answer % Correct
Which U.S. states border Kansas? Colorado
97%
Which U.S. states border Kansas? Missouri
97%
What city is home to Kansas State University? (hint: also an island in New York) Manhattan
94%
Which U.S. states border Kansas? Nebraska
94%
What is the state capital of Kansas? Topeka
94%
What is the largest city in Kansas, known for its aviation industry? Wichita
94%
Which U.S. states border Kansas? Oklahoma
91%
The phrase "Get the heck out of _____" originated from what city in western Kansas? {Dodge} City
88%
Name one of the two major crops that Kansas leads the U.S. in the harvest of Wheat / Sorghum
88%
What vast region of flatland makes up most of Kansas? Great Plains
81%
What river flows through that city? Kansas River
81%
What Kansas City suburb is the second-largest city in Kansas? {Overland} Park
81%
What is the nickname of Kansas? The {Sunflower} State
78%
What is the oldest permanent settlement in Kansas, known for the USDB prison? Fort {Leavenworth}
69%
What is the state animal of Kansas? American Bison
63%
What city is home to the University of Kansas? Lawrence
63%
What landmark in Kansas City is owned by NASCAR? Kansas {Speedway}
56%
What monument is located close to Lebanon, Kansas? {Geographic} {Center} of the Lower 48 States
50%
What small city is home to the Dwight D. Eisenhower Presidential Library? Abilene
28%
What army base in Kansas is home to the 1st Infantry Division? Fort {Riley}
25%
No matching quizzes found
Score Distribution
Percent of People with Each Score
Percentile by Number Answered
Your Score History
You have not taken this quiz